| 000 | 00758nam a2200265Ia 4500 | ||
|---|---|---|---|
| 999 |
_c53648 _d53648 |
||
| 001 | 20695 | ||
| 003 | GE_BSU | ||
| 005 | 20210304145930.0 | ||
| 008 | 181216s2003||||xx |||||||||||||| ||eng|| | ||
| 020 | _a9780823015528 | ||
| 040 | _cGE_BSU | ||
| 041 | _aeng | ||
| 080 | _a743.4+611 H-71 | ||
| 100 |
_aHogarth, Burne _910335 |
||
| 245 |
_aDynamic Anatomy / _cBurne Hogarth. |
||
| 250 | _arevised and expanded | ||
| 264 |
_aBerkeley : _bWatson-Guptill Publications, _c2003. |
||
| 300 |
_a255 p. : _bill. ; _c29 cm. |
||
| 541 | _h90 Gel. | ||
| 653 | _aDynamic Anatomy | ||
| 653 | _aДинамическая анатомия | ||
| 653 | _aდინამიური ანატომია | ||
| 653 | _aმედიცინა | ||
| 942 |
_cBK _2udc |
||